000 01068nam0a22002651 4500
001 rc\3973855
005 20250610222843.0
035 _a(NLR Aleph) 007932810
090 _a8229423
_c8229423
100 _a20130415d1956 |||y0rusy50 ca
101 0 _arus
102 _aRU
105 _ay z |||||
200 1 _aФункциональные пробы почек у лошадей и крупного рогатого скота
_e(I сообщение)
_fИз Кафедры патологии и терапии
210 _a[Иваново]
_cБ. и.
_d1956
215 _a267-281 с.
_d19
225 1 _aСборник научных трудов Ивановского сельскохозяйственного института
_vВып. 15
300 _aПеред загл. авт.: проф. К.К. Мовсум-Заде
320 _aБиблиогр.: с. 280-281
700 1 _aМовсумзаде
_bК.К.
_gКадир Курбанович
801 0 _aRU
_bNLR
_gpsbo
801 1 _aRU
_bELAR
_2rusmarc
852 _aNLR
_jП7/370
942 _cBOOK
980 _aNB